000 00753nam a22002177a 4500
003 OSt
005 20251027005056.0
008 251027b |||||||| |||| 00| 0 eng d
020 _a 978-621-406-296-6
040 _aDWCL-Main lib
_cOC
082 _2Revised edition
_aFil. 658 R595 2021
100 _aMaranan, Jovid Maricar D.
245 _aRisk Management:
_b as applied to safety, security and sanitation/
_cJovid Maricar D. Maranan
250 _aRevised edition
260 _aManila:
_bMindshapers co. Inc,
_cc2021
300 _aviii, 236 pages :
_billustrations ;
_c26cm
504 _aIncludes bibliographical references
650 _a1. Risk management
700 _a[AND THREE OTHERS]
942 _2ddc
_cBK - FIL
_eRevised edition
_kFil.
_n0
999 _c5128
_d5128